Worker leadership : America's secret weapon in the battle for industrial competitiveness /

Bibliographic Details
Main Author: Stahl, Fred, 1937-
Format: eBook
Language:English
Published: Cambridge, Massachusetts : MIT Press, [2013]
Subjects:
Online Access:Click to View
LEADER 01882nam a2200457 i 4500
001 EBC3339683
003 MiAaPQ
005 20200520144314.0
006 m o d |
007 cr cnu||||||||
008 130214s2013 maua ob 001 0 eng|d
020 |z 9780262019637 
020 |a 9780262317276  |q (electronic bk.) 
035 |a (MiAaPQ)EBC3339683 
035 |a (Au-PeEL)EBL3339683 
035 |a (CaPaEBR)ebr10768089 
035 |a (CaONFJC)MIL525157 
035 |a (OCoLC)859154835 
040 |a MiAaPQ  |b eng  |e rda  |e pn  |c MiAaPQ  |d MiAaPQ 
043 |a n-us--- 
050 4 |a HD5650  |b .S64 2013 
082 0 |a 658.3/152  |2 23 
100 1 |a Stahl, Fred,  |d 1937- 
245 1 0 |a Worker leadership :  |b America's secret weapon in the battle for industrial competitiveness /  |c Fred Stahl. 
264 1 |a Cambridge, Massachusetts :  |b MIT Press,  |c [2013] 
300 |a 1 online resource (266 pages) :  |b illustrations 
336 |a text  |2 rdacontent 
337 |a computer  |2 rdamedia 
338 |a online resource  |2 rdacarrier 
504 |a Includes bibliographical references and index. 
588 |a Description based on print version record. 
590 |a Electronic reproduction. Ann Arbor, MI : ProQuest, 2015. Available via World Wide Web. Access may be limited to ProQuest affiliated libraries. 
650 0 |a Management  |x Employee participation. 
650 0 |a Leadership. 
650 0 |a Industrial productivity. 
650 0 |a Industrial management. 
650 0 |a Production management. 
655 4 |a Electronic books. 
776 0 8 |i Print version:  |a Stahl, Fred.  |t Worker leadership : America's secret weapon in the battle for industrial competitiveness.  |d Cambridge, Massachusetts : MIT Press, [2013]  |h xx, 245 pages  |z 9780262019637  |w (DLC) 2013004756 
797 2 |a ProQuest (Firm) 
856 4 0 |u https://ebookcentral.proquest.com/lib/matrademy/detail.action?docID=3339683  |z Click to View